Music Quiz

Random Music or Song Quiz

Michael Jackson Music Videos Quiz Stats

 Plays Quiz not verified by Sporcle

Challenge
Share
Tweet
Embed
Score 0/37 Timer 12:00
0 Plays Today
% Correct
Thriller
96.9%
Beat It
94.8%
Bad
94.8%
Billie Jean
94.6%
Rock With You
89.7%
Black or White
85.4%
The Way You Make Me Feel
84.5%
Smooth Criminal
83.5%
Don't Stop Til You Get Enough
83.3%
Remember the Time
83.1%
Man in the Mirror
82.4%
Dirty Diana
82.4%
You Rock My World
82.4%
Scream
80.5%
Jam
78.9%
Leave Me Alone
78.7%
Heal the World
77%
You Are Not Alone
76.1%
Earth Song
75.7%
% Correct
In the Closet
74.7%
They Don't Care About Us
73.8%
Speed Demon
72.8%
Liberian Girl
72.6%
Who Is It
71.5%
Blood on the Dance Floor
70.3%
She's Out of My Life
70.1%
Stranger in Moscow
67%
Give In To Me
62.8%
Ghosts
62.8%
Cry
62.5%
Will You Be There
62.3%
Childhood
61.7%
Another Part of Me
61.5%
Come Together
49%
Gone Too Soon
47.7%
This Is It
41.4%
One More Chance
27%

You're not logged in!

Compare scores with friends on all Sporcle quizzes.
Join for Free
OR
Log In

You Might Also Like...

Show Comments

Extras

Top Quizzes Today


Score Distribution

Your Account Isn't Verified!

In order to create a playlist on Sporcle, you need to verify the email address you used during registration. Go to your Sporcle Settings to finish the process.

Report this User

Report this user for behavior that violates our Community Guidelines.

Details: